000 00629nam a2200169 i 4500
001 37175
003 ES-MaACL
005 20230906155523.0
007 t|
008 030220s1905 sp ||||1| spa d
100 1 _aBrunton, Lauder.
_932216
245 1 0 _aLecciones sobre la acción de los medicamentos
_b: (farmacología y terapéutica) /
_cpor Lauder Brunton ; traducido del inglés por Federico Toledo de la Cueva.
260 _aMadrid :
_bRevista de Medicina y Cirugía,
_c1905 (
_fNicolás Moya)
300 _aVIII, 728 p. :
_bil. ;
_c25 cm.
700 1 _aToledo de la Cueva, Federico.
_9110453
852 _aES-MaACL
_jB-11494
999 _c37175
_d37175